Marketing of rubber by smallholders in Peninsular Malaysia (Record no. 43635)

MARC details
000 -LEADER
fixed length control field 00410nam a2200145Ia 4500
082 ## - DEWEY DECIMAL CLASSIFICATION NUMBER
Classification number NR:339.138(595)
Item number LIM;1
100 ## - MAIN ENTRY--AUTHOR NAME
Personal name Lim Sow Ching
245 #0 - TITLE STATEMENT
Title Marketing of rubber by smallholders in Peninsular Malaysia
260 ## - PUBLICATION, DISTRIBUTION, ETC. (IMPRINT)
Place of publication Kuala Lumpur
Name of publisher MRRDB
Year of publication 1976
490 ## - SERIES STATEMENT
Series statement MRRDB Monographs 2
650 ## - SUBJECT ADDED ENTRY--TOPICAL TERM
Topical Term Rubber marketing
650 ## - SUBJECT ADDED ENTRY--TOPICAL TERM
Topical Term Smallholders
942 ## - ADDED ENTRY ELEMENTS (KOHA)
Koha item type Books
Holdings
Withdrawn status Lost status Damaged status Not for loan Home library Current library Date acquired Source of acquisition Full call number Accession Number Koha item type
        RRII Library RRII Library 16/12/2021 Gift NR:339.138(595) LIM;1 G00387 Books